[Event "Tabor op"]
[Site "Tabor"]
[Date "2013.07.29"]
[Round "3"]
[White "Pribyl, Viktor"]
[Black "Mesicek, Josef"]
[Result "1/2-1/2"]
[WhiteElo "1429"]
[BlackElo "1672"]
[PlyCount "41"]
[EventDate "2013.07.28"]
[EventType "swiss"]
[EventRounds "9"]
[EventCountry "CZE"]
[SourceTitle "CBM 155 Extra"]
[Source "ChessBase"]
[SourceDate "2013.08.26"]
[SourceVersion "1"]
[SourceVersionDate "2013.08.26"]
[SourceQuality "1"]

1. d4 d5 2. c4 Nf6 3. cxd5 Nxd5 4. e4 Nb6 5. Nc3 e6 6. Nf3 Be7 7. Be2 0-0 8. 0-0 c6 9. Bf4 N8d7 10. Qc2 h6 11. Rfd1 Nf6 12. Ne5 a6 13. Rd3 Qe8 14. Rh3 Nh7 15. Rd1 Bg5 16. Bg3 Nd7 17. Nc4 Be7 18. Rd3 Ng5 19. Rh4 Nh7 20. Rh3 Ng5 21. Rh5 1/2-1/2

[Event "Tabor op"]
[Site "Tabor"]
[Date "2012.08.03"]
[Round "7"]
[White "Mesicek, Josef"]
[Black "Gschwendtner, Stanislav"]
[Result "0-1"]
[WhiteElo "1683"]
[BlackElo "2007"]
[PlyCount "66"]
[EventDate "2012.07.29"]
[EventType "swiss"]
[EventRounds "9"]
[EventCountry "CZE"]
[SourceTitle "EXT 2013"]
[Source "ChessBase"]
[SourceDate "2012.11.22"]
[SourceVersion "1"]
[SourceVersionDate "2012.11.22"]
[SourceQuality "1"]

1. c4 Nf6 2. d4 g6 3. Nf3 Bg7 4. e3 0-0 5. Be2 c5 6. 0-0 b6 7. Nc3 Bb7 8. d5 d6 9. Qc2 a6 10. e4 e5 11. Bg5 h6 12. Bd2 Nh5 13. g3 Bc8 14. Nh4 Bh3 15. Ng2 f5 16. Bxh5 gxh5 17. f4 exf4 18. Bxf4 Ra7 19. Rf2 Bd4 20. Ne3 Re7 21. Bxh6 f4 22. Ncd1 fxe3 23. Nxe3 Rxf2 24. Kxf2 Rf7+ 25. Ke2 Qf6 26. Bf4 Nd7 27. Rb1 Ne5 28. Qa4 Bxe3 29. Kxe3 Nd7 30. Rd1 Qxb2 31. Qxa6 Ne5 32. Qb5 Ng4+ 33. Kd3 Nf2+ 0-1